书目信息 |
| 题名: |
财务报表分析
|
|
| 作者: | 祝建军 主编 | |
| 分册: | ||
| 出版信息: | 北京 经济科学出版社 2012 |
|
| 页数: | 273页 | |
| 开本: | 26cm | |
| 丛书名: | ||
| 单 册: | ||
| 中图分类: | F231.5 | |
| 科图分类: | ||
| 主题词: | 会计报表--会计分析--教材 , 会计报表 , 会计分析 | |
| 电子资源: | ||
| ISBN: | 978-7-5141-2019-6 | |
| 000 | 00944nam0 2200289 450 | |
| 001 | 523 | |
| 005 | 20140908164021.45 | |
| 010 | @a978-7-5141-2019-6@dCNY38.00 | |
| 100 | @a20120913d2012 em y0chiy50 ea | |
| 101 | 0 | @achi |
| 102 | @aCN@b110000 | |
| 105 | @ay z 000yy | |
| 106 | @ar | |
| 200 | 1 | @a财务报表分析@f祝建军主编 |
| 210 | @a北京@c经济科学出版社@d2012 | |
| 215 | @a273页@d26cm | |
| 300 | @a会计学系列精品教材 | |
| 312 | @a封面英文题名:Financial statement analysis | |
| 330 | @a本书以最新上市公司财务报表格式为基础,以财务报表分析方法为重点,以提高读者的财务报表分析能力为导向,结合财务报表分析的最新成果和有关案例,系统地讲解了财务报表分析的理论和方法体系。 | |
| 510 | 1 | @aFinancial statement analysis@zeng |
| 606 | 0 | @a会计报表@x会计分析@j教材 |
| 606 | 0 | @a会计报表 |
| 606 | 0 | @a会计分析 |
| 690 | @aF231.5@v5 | |
| 701 | 0 | @a祝建军@4主编 |
| 801 | 0 | @aCN@bTANGWEI@c20140603 |
| 905 | @b0842573-75@dF231.5@e444@f3 | |
| 财务报表分析/祝建军主编.-北京:经济科学出版社,2012 |
| 273页;26cm |
| 会计学系列精品教材 |
| ISBN 978-7-5141-2019-6:CNY38.00 |
| 本书以最新上市公司财务报表格式为基础,以财务报表分析方法为重点,以提高读者的财务报表分析能力为导向,结合财务报表分析的最新成果和有关案例,系统地讲解了财务报表分析的理论和方法体系。 |
| ● |
| 相关链接 |
|
|
|
|
正题名:财务报表分析
索取号:F231.5/444
 
预约/预借
| 序号 | 登录号 | 条形码 | 馆藏地/架位号 | 状态 | 备注 |
| 1 | 0842573 | 208425738 | 第一样本阅览室/ [索取号:F231.5/444] | 在馆 | |
| 2 | 0842574 | 208425747 | 密集书库-海洋学院/ [索取号:F231.5/444] | 在馆 | |
| 3 | 0842575 | 208425756 | 第一借阅区/ [索取号:F231.5/444] | 在馆 |